000 00340nam a2200145Ia 4500
008 150201s2007 xx 000 0 und d
082 _a615.8
_bP07S
100 _aSULLIMAN, SUSAN
245 _aPHYSICAL REHBILITATION
250 _a5TH
260 _bJAPEE
_aDELHI
_c2007
300 _a1-1383
650 _aPHYSIOTHERAPY
942 _2ddc
_cBK
_06
999 _c1376
_d1376